Travel & tourism : (Record no. 55814)

MARC details
000 -LEADER
fixed length control field 00819nam a22002417a 4500
005 - DATE AND TIME OF LATEST TRANSACTION
control field 2011082304204.0
008 - FIXED-LENGTH DATA ELEMENTS--GENERAL INFORMATION
fixed length control field 110823t xxu||||| |||| 00| 0 eng d
010 ## - LCCN (DPL NO)
LC control number ENG-103565
020 ## - INTERNATIONAL STANDARD BOOK NUMBER
International Standard Book Number 9788183822480
Terms of availability 295.00
035 ## - SYSTEM CONTROL NUMBER
System control number EN-87098
037 ## - SOURCE OF ACQUISITION
Source of stock number/acquisition DBAD/PUB
040 ## - CATALOGING SOURCE
Original cataloging agency DPL
Language of cataloging Eng
082 ## - DEWEY DECIMAL CLASSIFICATION NUMBER
Classification number 338.4791
100 ## - MAIN ENTRY--PERSONAL NAME
9 (RLIN) 33301
Personal name Bhatia, A.K.
245 ## - TITLE STATEMENT
Title Travel & tourism :
Statement of responsibility, etc by A.K. Bhatia
Remainder of title an industry facilitator /
260 ## - PUBLICATION, DISTRIBUTION, ETC. (IMPRINT)
Place of publication, distribution, etc New Delhi
Name of publisher, distributor, etc Lotus Press
Date of publication, distribution, etc 2011
270 ## - ADDRESS
Address 4263/3, Ansari Road, Darya Ganj
City New Delhi
Postal code 110002
300 ## - PHYSICAL DESCRIPTION
Extent 272p.
Dimensions 22cm (pbk)
650 ## - SUBJECT ADDED ENTRY--TOPICAL TERM
9 (RLIN) 33306
700 ## - ADDED ENTRY--PERSONAL NAME
9 (RLIN) 33298
942 ## - ADDED ENTRY ELEMENTS (KOHA)
Source of classification or shelving scheme Dewey Decimal Classification
Item type English Books
Classification part 338.4791
Call number suffix BHA
Holdings
Withdrawn status Lost status Source of classification or shelving scheme Damaged status Not for loan Collection code Home library Current library Date acquired Source of acquisition Cost, normal purchase price Total Checkouts Full call number Barcode Date last seen Copy number Cost, replacement price Koha item type
    Dewey Decimal Classification   Not For Loan Non-fiction D.B.Act.Division D.B.Act.Division 23/08/2011 DBAD/PUB 295.00   338.4791 BHA EN-87098 23/08/2011 1 295.00 English Books

© Delhi Public Library
Hit Counter
free hit counter